[Event "Poznan op-B 16th"]
[Site "Poznan"]
[Date "2007.07.27"]
[Round "7.30"]
[White "Dekker, Willem"]
[Black "Zgarda, Jaroslaw"]
[Result "1-0"]
[WhiteElo "1000"]
[BlackElo "1800"]
[PlyCount "25"]
[EventDate "2007.07.21"]
[EventType "swiss"]
[EventRounds "9"]
[EventCountry "POL"]
[SourceTitle "EXT 2023"]
[Source "ChessBase"]
[SourceDate "2022.10.05"]
[SourceVersion "1"]
[SourceVersionDate "2022.10.05"]
[SourceQuality "1"]

1. e4 c5 2. Bc4 Nc6 3. c3 Nf6 4. d3 d5 5. exd5 Ne5 6. Nf3 Nxc4 7. dxc4 Bg4 8. Bg5 Qd7 9. Nbd2 e6 10. Ne5 Bxd1 11. Nxd7 Bh5 12. Nxf6+ gxf6 13. Bxf6 1-0

[Event "Poznan op-B 16th"]
[Site "Poznan"]
[Date "2007.07.22"]
[Round "2.34"]
[White "Miedziarek, Jarosz"]
[Black "Dekker, Willem"]
[Result "0-1"]
[WhiteElo "1738"]
[BlackElo "1435"]
[PlyCount "53"]
[EventDate "2007.07.21"]
[EventType "swiss"]
[EventRounds "9"]
[EventCountry "POL"]
[SourceTitle "EXT 2023"]
[Source "ChessBase"]
[SourceDate "2022.10.05"]
[SourceVersion "1"]
[SourceVersionDate "2022.10.05"]
[SourceQuality "1"]

1. d4 d6 2. c4 c6 3. Nc3 Nd7 4. e3 Ngf6 5. Nf3 Qc7 6. Be2 e5 7. dxe5 dxe5 8. Qc2 Be7 9. e4 h6 10. h3 Nf8 11. 0-0 g5 12. Nh2 Ng6 13. Rd1 Rg8 14. Bd3 Nf4 15. Bf1 Bd7 16. c5 0-0-0 17. Qa4 Kb8 18. b4 g4 19. hxg4 Nxg4 20. Nxg4 Bxg4 21. Rxd8+ Qxd8 22. b5 Nxg2 23. Bxg2 Bf3 24. Kf1 Qd3+ 25. Kg1 Rxg2+ 26. Kh1 Rxf2+ 27. Kg1 0-1